İçeriği atla

Социология права Учебник

В учебнике рассматриваются объект изучения предмет структура и функции социологии права. Выявляются социальные факторы детерминации права его социальная сущность источники функциональное назначение и эффективность в современном обществе. Показаны специфика и структура правовой сферы российского обще...

Ful tanımlama

Kaydedildi:
Detaylı Bibliyografya
Yazar: Милецкий В.П
Materyal Türü: Учебник
Online Erişim:https://znanium.com/catalog/document?id=337884
https://znanium.com/cover/1015/1015136.jpg
Etiketler: Etiketle
Etiket eklenmemiş, İlk siz ekleyin!
LEADER 03101nam0a2200337 i 4500
001 RU\infra-m\znanium\bibl\1015136
003 https://znanium.com/catalog/document?id=337884
005 20200215000000.0
010 |a 978-5-288-05826-4 
100 |a 20200215d2018 m y0rusy0150 ca 
101 0 |a rus 
102 |a RU 
200 1 |a Социология права  |e Учебник  |f Санкт-Петербургский государственный университет 
210 1 |a Санкт-Петербург  |c Издательство Санкт-Петербургского государственного университета  |d 2018 
215 |a 182 с. 
330 |a В учебнике рассматриваются объект изучения предмет структура и функции социологии права. Выявляются социальные факторы детерминации права его социальная сущность источники функциональное назначение и эффективность в современном обществе. Показаны специфика и структура правовой сферы российского общества особенности и основные этапы ее исторической эволюции в условиях современных трансформаций общества и формирования национальной модели демократического социально-правового государства. Специально освещается взаимодействие правовой сферы общества с общественным мнением по социально-правовым проблемам. Учебник предназначен для студентов бакалавриата обучающихся по направлению «Социология» может быть интересен юристам — специалистам в области теории государства и права. 
333 |a ВО - Бакалавриат 
606 |a Право. Юридические науки  |x Философия и социология права  |2 local 
608 |a Учебник  |2 local 
675 |a 316  |z rus 
686 |a 605  |2 rubbk 
686 |a 39.03.01  |2 okso 
686 |a 40.03.01  |2 okso 
686 |a 40.05.01  |2 okso 
686 |a 40.05.02  |2 okso 
686 |a 40.05.03  |2 okso 
686 |a 40.05.04  |2 okso 
700 1 |a Милецкий  |b В.П.  |g Владимир Петрович  |p Санкт-Петербургский государственный университет 
801 0 |a RU  |b Общество с ограниченной ответственностью «ЗНАНИУМ»  |c 20181228  |2 rusmarc 
856 4 |a znanium.com  |m ebs_support@infra-m.ru  |n НИЦ ИНФРА-М  |u https://znanium.com/catalog/document?id=337884 
856 4 1 |a znanium.com  |d /cover/1015  |f 1015136.jpg  |q image/jpeg  |u https://znanium.com/cover/1015/1015136.jpg